Tejidos blandos : Indumentaria y violencia política en Chile, 1973-1990
I tiakina i:
| Kaituhi matua: | |
|---|---|
| Hōputu: | Tē mōhiotia |
| I whakaputaina: |
Santiago, Chile:
Paidós
2023.
|
| Putanga: | 2ª edición |
| Ngā marau: |
Presos políticos
> Detenidos desaparecidos
> Prendas de vestir en cautiverio
> Prendas de vestir en libertad
> Salud e higiene
> 1973-1990
> Chile
|
| Ngā Tūtohu: |
Tāpirihia he Tūtohu
Kāore He Tūtohu, Me noho koe te mea tuatahi ki te tūtohu i tēnei pūkete!
|
MARC
| LEADER | 00000 a2200000 4500 | ||
|---|---|---|---|
| 003 | CL-VaPUC | ||
| 005 | 20240725125659.0 | ||
| 008 | 240717t2023 ||||| |||| 00| 0 eng d | ||
| 999 | |c 444094 |d 444092 | ||
| 020 | |a 978-956-6195-29-0 | ||
| 040 | |c Pontificia Universidad Católica de Valparaíso | ||
| 082 | 7 | |2 22 |a 391.00983 MON 2023 | |
| 100 | |a Montalva, Pía |e autora |9 889841 | ||
| 245 | |a Tejidos blandos |b : Indumentaria y violencia política en Chile, 1973-1990 | ||
| 250 | |a 2ª edición | ||
| 260 | |a Santiago, Chile: |b Paidós |c 2023. | ||
| 300 | |a 319 páginas | ||
| 583 | |k GC |c 20240717 | ||
| 650 | |a Presos políticos |x Detenidos desaparecidos |x Prendas de vestir en cautiverio |x Prendas de vestir en libertad |x Salud e higiene |y 1973-1990 |z Chile |9 890206 | ||
| 650 | 0 | |a Mujeres presas políticas |x Detenidos desaparecidos |x Prendas de vestir en cautiverio |x Prendas de vestir en libertad |x Salud e higiene |y 1973-1990 |z Chile |9 890184 | |
| 650 | 0 | |a Tortura |x Capucha |x Vendas |y 1973-1990 |z Chile |9 255793 | |
| 942 | |2 ddc |c BK | ||
| 952 | |0 0 |1 0 |2 ddc |4 0 |6 391_009830000000000_MON_2023 |7 0 |8 A |9 595594 |a BIBHIS |b BIBHIS |d 2024-07-12 |e 13 |g 17192.00 |i 5662237 |l 1 |o 391.00983 MON 2023 |p 5662237 |r 2024-09-12 |s 2024-09-05 |t 1 |v 17192.00 |w 2024-07-12 |y BK |k HIS | ||